000 01061nam a2200277Ia 4500
003 OSt
005 20221005110635.0
006 a|||||r|||| 00| 0
007 ta
008 221004b |||||||| |||| 00| 0 hin d
020 _a8188170674 (hbk)
_cIndian Rupees 160
024 _a41106
037 _bGift, 10/01/2019,
_cTextual
040 _aCRL
_cCRL
_bhin
041 _2hin
_ahin
082 _aO152,1N57x, P8
100 _aमॉंझी, देवेन्द्र, ले.
245 0 _aइशारे हवाओं के
_b ग़ज़लों का संग्रह
246 _aIshāre havāoan ke: ग़ज़loan kā sangraha
260 _aनई दिल्ली
_bमंजुली प्रकाशन भारत
_c2008
300 _a104पृ0
_ccm.
650 _a हिन्दी साहित्य
650 _aहिन्दी कविता
942 _hO152,1N57x, P8
_cTEXL
_2cc
999 _c1019436
_d1019436